Normal view
MARC view
- Neha Rajadnya - 2k161108; Prof.Archana Tatkar - Guide & Nityo Infotech Pvt Ltd
Entry Personal Name
001 - CONTROL NUMBER
- control field: 105087
003 - CONTROL NUMBER IDENTIFIER
- control field: OSt
005 - DATE AND TIME OF LATEST TRANSACTION
- control field: 20221007221539.0
008 - FIXED-LENGTH DATA ELEMENTS
- fixed length control field: 221007|| aca||aabn | a|a d
040 ## - CATALOGING SOURCE
- Original cataloging agency: OSt
- Transcribing agency: OSt
100 ## - HEADING--PERSONAL NAME
- Personal name: Neha Rajadnya - 2k161108; Prof.Archana Tatkar - Guide & Nityo Infotech Pvt Ltd
670 ## - SOURCE DATA FOUND
- Source citation: Work cat.: (OSt)79987: Neha Rajadnya - 2k161108; Prof.Archana Tatkar - Guide & Nityo Infotech Pvt Ltd., An Analysis Of Motivational Factors Of Contractual Employees At Workplace, 2016